000 00769nam a2200289Ia 4500
005 20260401125916.0
008 008 300114s9999 xx 000 0 eng d
020 _a9781282677630
037 _aEBOOK
040 _aCRL
040 _beng
040 _cCRL
041 _2eng
041 _aeng
084 _qCRL
100 _aUnger;Chandler
_91234001
245 0 _aProject Guide to UX Design, A: For user experience designers in the field or in the making
250 _a1
260 _bPearson
260 _c2009
365 _b108858.04279816055
650 _aFOT (Computer Sciene)
_91233944
856 _uhttps://admin.elibrary.in.pearson.com/api/1.0/org/24122025/launchlibrary
942 _cEBOOK
999 _c1847919
_d1847919